[Event "Berlin Eckbauer op 13th"]
[Site "Berlin"]
[Date "2010.09.27"]
[Round "3.7"]
[White "Lohmar, Joerg"]
[Black "Kampf, Guenther"]
[Result "1/2-1/2"]
[WhiteElo "2183"]
[BlackElo "2021"]
[PlyCount "29"]
[EventDate "2010.09.13"]
[EventType "swiss"]
[EventRounds "7"]
[EventCountry "GER"]
[SourceTitle "EXT 2022"]
[Source "ChessBase"]
[SourceDate "2021.10.06"]
[SourceVersion "1"]
[SourceVersionDate "2021.10.06"]
[SourceQuality "1"]

1. a3 g6 2. c4 c5 3. Nc3 Nc6 4. g3 f5 5. Bg2 Nf6 6. e3 Bg7 7. Nge2 e5 8. d3 d6 9. Nd5 Be6 10. Nec3 Qd7 11. Rb1 0-0 12. 0-0 Rac8 13. b4 b6 14. f4 Ne7 15. Bd2 1/2-1/2

[Event "Berlin Eckbauer op 13th"]
[Site "Berlin"]
[Date "2010.09.13"]
[Round "1.27"]
[White "Lohmar, Joerg"]
[Black "Lemnitz, Donald"]
[Result "1-0"]
[WhiteElo "2183"]
[BlackElo "1307"]
[PlyCount "53"]
[EventDate "2010.09.13"]
[EventType "swiss"]
[EventRounds "7"]
[EventCountry "GER"]
[SourceTitle "EXT 2022"]
[Source "ChessBase"]
[SourceDate "2021.10.06"]
[SourceVersion "1"]
[SourceVersionDate "2021.10.06"]
[SourceQuality "1"]

1. d4 d5 2. Nf3 e6 3. Bf4 c5 4. e3 Nc6 5. c3 Nf6 6. Nbd2 Bd6 7. Bg3 0-0 8. Bd3 Re8 9. Ne5 cxd4 10. exd4 Qc7 11. f4 a6 12. Rb1 b5 13. a3 Bb7 14. 0-0 Na5 15. Qe2 Rac8 16. Ndf3 Nc4 17. f5 Ne4 18. fxe6 Rxe6 19. Bxe4 dxe4 20. Ng5 Rf6 21. Ngxf7 Bxe5 22. Nxe5 Nxe5 23. Bxe5 Rxf1+ 24. Rxf1 Qd7 25. Rf4 Qd5 26. Qg4 g6 27. h4 1-0

[Event "Berlin Eckbauer op 12th"]
[Site "Berlin"]
[Date "2009.09.28"]
[Round "3.8"]
[White "Lohmar, Joerg"]
[Black "Koischwitz, Wanja"]
[Result "1/2-1/2"]
[WhiteElo "2183"]
[BlackElo "1720"]
[PlyCount "57"]
[EventDate "2009.09.14"]
[EventType "swiss"]
[EventRounds "7"]
[EventCountry "GER"]
[SourceTitle "EXT 2022"]
[Source "ChessBase"]
[SourceDate "2021.10.06"]
[SourceVersion "1"]
[SourceVersionDate "2021.10.06"]
[SourceQuality "1"]

1. Nf3 d5 2. d4 Nf6 3. Bf4 e6 4. e3 Bd6 5. Bg3 0-0 6. Nbd2 Nbd7 7. Bd3 Qe7 8. Ne5 c5 9. c3 cxd4 10. exd4 h6 11. Qe2 Bxe5 12. Bxe5 Nxe5 13. Qxe5 Nd7 14. Qe2 e5 15. dxe5 Nxe5 16. 0-0-0 Nxd3+ 17. Qxd3 Be6 18. Qd4 Rfc8 19. f4 Bf5 20. Rhe1 Qd6 21. g4 Bh7 22. Re5 a5 23. Rxd5 Rxc3+ 24. Qxc3 Qxd5 25. f5 Qg2 26. Qd4 Qc6+ 27. Nc4 g6 28. f6 Qc7 29. a4 1/2-1/2

[Event "Berlin Eckbauer op 10th"]
[Site "Berlin"]
[Date "2007.10.30"]
[Round "6"]
[White "Kesslau, Adolf"]
[Black "Lohmar, Joerg"]
[Result "0-1"]
[WhiteElo "1656"]
[BlackElo "2183"]
[PlyCount "64"]
[EventDate "2007.08.18"]
[EventType "swiss"]
[EventRounds "7"]
[EventCountry "GER"]
[SourceTitle "EXT 2022"]
[Source "ChessBase"]
[SourceDate "2021.10.06"]
[SourceVersion "1"]
[SourceVersionDate "2021.10.06"]
[SourceQuality "1"]

1. d4 d5 2. e4 dxe4 3. Nc3 c6 4. Nxe4 Nf6 5. Ng3 h5 6. Bc4 h4 7. N3e2 Bf5 8. Nf4 e6 9. Nf3 Nbd7 10. Qe2 Be7 11. Bd3 Kf8 12. Bxf5 Qa5+ 13. Bd2 Qxf5 14. 0-0-0 Ne4 15. g4 Qh7 16. Rhe1 Nxd2 17. Rxd2 Qh6 18. Nd3 Bg5 19. Nxg5 Qxg5 20. f4 Qd5 21. Ne5 Nxe5 22. dxe5 Qxa2 23. Rd3 Qa1+ 24. Kd2 Qxb2 25. f5 Ke7 26. Qe3 Rhd8 27. Qc5+ Ke8 28. Ree3 a5 29. Ke2 Qb4 30. Qxb4 axb4 31. Rh3 Rxd3 32. Kxd3 Ra3+ 0-1

[Event "Berlin Eckbauer op 10th"]
[Site "Berlin"]
[Date "2007.09.18"]
[Round "1"]
[White "Berndt, Ronald"]
[Black "Lohmar, Joerg"]
[Result "1/2-1/2"]
[WhiteElo "1727"]
[BlackElo "2183"]
[PlyCount "36"]
[EventDate "2007.08.18"]
[EventType "swiss"]
[EventRounds "7"]
[EventCountry "GER"]
[SourceTitle "EXT 2022"]
[Source "ChessBase"]
[SourceDate "2021.10.06"]
[SourceVersion "1"]
[SourceVersionDate "2021.10.06"]
[SourceQuality "1"]

1. e4 c6 2. d4 d5 3. e5 Bf5 4. h4 h6 5. g4 Bd7 6. f4 e6 7. c3 c5 8. Nf3 Qb6 9. Qb3 Nc6 10. Qxb6 axb6 11. Na3 Na7 12. Nc2 h5 13. g5 g6 14. Be3 Bb5 15. Bxb5+ Nxb5 16. Kd2 Nc7 17. Rhb1 Na6 18. a4 Ne7 1/2-1/2

[Event "Berlin Eckbauer op 09th"]
[Site "Berlin"]
[Date "2006.10.16"]
[Round "2"]
[White "Lohmar, Joerg"]
[Black "Hennings, Dirk"]
[Result "1-0"]
[WhiteElo "1988"]
[BlackElo "1659"]
[PlyCount "81"]
[EventDate "2006.10.09"]
[EventType "swiss"]
[EventRounds "7"]
[EventCountry "GER"]
[SourceTitle "EXT 2022"]
[Source "ChessBase"]
[SourceDate "2021.10.06"]
[SourceVersion "1"]
[SourceVersionDate "2021.10.06"]
[SourceQuality "1"]

1. d4 d5 2. Nf3 Nf6 3. Bf4 Bg4 4. c4 e6 5. Qb3 Bxf3 6. gxf3 Nc6 7. e3 Bd6 8. Bg5 0-0 9. c5 Be7 10. Qxb7 Na5 11. Qa6 c6 12. b4 Nc4 13. Bxc4 dxc4 14. Qxc4 Nd5 15. Bxe7 Qxe7 16. Nc3 Qf6 17. Ke2 Rfb8 18. Nxd5 exd5 19. Qc3 a5 20. bxa5 Qg6 21. Rhc1 Rb5 22. Qc2 Qh5 23. a4 Rbxa5 24. Rcb1 Qg6 25. Qxg6 fxg6 26. Rb6 R8a6 27. Rxa6 Rxa6 28. Kd3 Kf7 29. Kc3 Ke6 30. Kb4 Kf5 31. Rg1 Ra7 32. a5 Rb7+ 33. Ka4 Rb2 34. Ra1 Rb7 35. a6 Rb8 36. Ka5 Rb5+ 37. Ka4 Rb8 38. a7 Ra8 39. Kb4 h5 40. Kc3 g5 41. Kd3 1-0

[Event "Baden-ch MA"]
[Site "Ottenau"]
[Date "2005.04.01"]
[Round "10"]
[White "Feil, Stephan"]
[Black "Lohmar, Joerg"]
[Result "1-0"]
[WhiteElo "2159"]
[BlackElo "2180"]
[PlyCount "79"]
[EventDate "2005.03.25"]
[EventType "swiss"]
[EventRounds "11"]
[EventCountry "GER"]
[SourceTitle "CBM 105 Extra"]
[Source "ChessBase"]
[SourceDate "2005.05.01"]
[SourceVersion "1"]
[SourceVersionDate "2005.05.01"]
[SourceQuality "1"]

1. e4 c6 2. d4 d5 3. e5 Bf5 4. Nf3 e6 5. Be2 c5 6. Be3 Qb6 7. Nc3 Nc6 8. 0-0 c4 9. b3 Qa5 10. Bd2 Bb4 11. Qe1 b5 12. a3 Bxc3 13. Bxc3 Qb6 14. Qd2 cxb3 15. cxb3 a5 16. h3 Nge7 17. g4 Be4 18. Ne1 Bg6 19. f4 h5 20. Nf3 hxg4 21. hxg4 Kd7 22. Kg2 b4 23. axb4 axb4 24. Bb2 Na5 25. Qe3 Rac8 26. Rfc1 Bc2 27. f5 exf5 28. e6+ fxe6 29. Ne5+ Ke8 30. Bd3 Nxb3 31. Ra6 Qb7 32. Rxe6 Nxc1 33. Ng6 Rc7 34. Nxe7 Rxe7 35. Bxc2 Na2 36. Bxf5 Rxe6 37. Qxe6+ Kf8 38. Bg6 Rh2+ 39. Kxh2 Qc7+ 40. Kh3 1-0

[Event "Berlin SF Neukoelln op 3rd"]
[Site "Berlin"]
[Date "2004.02.07"]
[Round "1"]
[White "Wenkheimer, Rolf"]
[Black "Lohmar, Joerg"]
[Result "1/2-1/2"]
[WhiteElo "1655"]
[BlackElo "2018"]
[PlyCount "34"]
[EventDate "2004.02.07"]
[EventType "swiss"]
[EventRounds "7"]
[EventCountry "GER"]
[SourceTitle "EXT 2022"]
[Source "ChessBase"]
[SourceDate "2021.10.06"]
[SourceVersion "1"]
[SourceVersionDate "2021.10.06"]
[SourceQuality "1"]

1. e4 c6 2. d4 d5 3. Bd3 dxe4 4. Bxe4 Nf6 5. Bf3 Bf5 6. Nc3 e6 7. Nge2 Na6 8. a3 Be7 9. Bf4 0-0 10. Ng3 Bg6 11. h4 h6 12. h5 Bh7 13. Qd2 Nc7 14. Nge4 Ncd5 15. Nxf6+ Bxf6 16. Nxd5 exd5 17. 0-0-0 b5 1/2-1/2

[Event "Berlin Eckbauer op 4th"]
[Site "Berlin"]
[Date "2001.11.12"]
[Round "7"]
[White "Stark, Wolfgang"]
[Black "Lohmar, Joerg"]
[Result "1/2-1/2"]
[WhiteElo "2076"]
[BlackElo "1952"]
[PlyCount "40"]
[EventDate "2001.10.??"]
[EventType "swiss"]
[EventRounds "7"]
[EventCountry "GER"]
[SourceTitle "EXT 2005"]
[Source "ChessBase"]
[SourceDate "2004.11.15"]
[SourceVersion "1"]
[SourceVersionDate "2004.11.15"]
[SourceQuality "1"]

1. e4 c6 2. d4 d5 3. exd5 cxd5 4. c4 e6 5. Nf3 Nf6 6. Nc3 Be7 7. cxd5 Nxd5 8. Bd3 0-0 9. 0-0 Nd7 10. a3 N7f6 11. Ne5 a6 12. Bc2 Qd6 13. Qd3 b5 14. Bg5 g6 15. Bb3 Bb7 16. Rfe1 Nxc3 17. bxc3 Bd5 18. Bxd5 Nxd5 19. Bxe7 Qxe7 20. Nc6 Qc7 1/2-1/2

[Event "Berlin Eckbauer op 4th"]
[Site "Berlin"]
[Date "2001.10.22"]
[Round "4"]
[White "Schmidt, Peter2"]
[Black "Lohmar, Joerg"]
[Result "1/2-1/2"]
[WhiteElo "2086"]
[BlackElo "1952"]
[PlyCount "69"]
[EventDate "2001.10.??"]
[EventType "swiss"]
[EventRounds "7"]
[EventCountry "GER"]
[SourceTitle "EXT 2005"]
[Source "ChessBase"]
[SourceDate "2004.11.15"]
[SourceVersion "1"]
[SourceVersionDate "2004.11.15"]
[SourceQuality "1"]

1. Nf3 c6 2. d3 g6 3. Nbd2 Bg7 4. e4 e5 5. Be2 d5 6. 0-0 Qc7 7. c3 Nf6 8. Re1 0-0 9. Bf1 Re8 10. Qc2 h6 11. b3 b6 12. Bb2 Nbd7 13. d4 exd4 14. cxd4 dxe4 15. Nxe4 Nxe4 16. Rxe4 Rxe4 17. Qxe4 Nf6 18. Qe5 Qxe5 19. Nxe5 Bb7 20. Rc1 Rc8 21. Bc4 Nd5 22. Bxd5 cxd5 23. Rxc8+ Bxc8 24. Nc6 Bf8 25. Nxa7 Bd7 26. a4 Bd6 27. Kf1 Bb8 28. Nb5 Bxb5+ 29. axb5 Bd6 30. Ke2 Kg7 31. Kf3 f5 32. h3 g5 33. Bc1 Kg6 34. g3 Kf6 35. Bd2 1/2-1/2

[Event "Berlin Eckbauer op 4th"]
[Site "Berlin"]
[Date "2001.10.08"]
[Round "2"]
[White "Springer, Heinrich Victor"]
[Black "Lohmar, Joerg"]
[Result "0-1"]
[WhiteElo "1790"]
[BlackElo "1952"]
[PlyCount "112"]
[EventDate "2001.10.??"]
[EventType "swiss"]
[EventRounds "7"]
[EventCountry "GER"]
[SourceTitle "EXT 2005"]
[Source "ChessBase"]
[SourceDate "2004.11.15"]
[SourceVersion "1"]
[SourceVersionDate "2004.11.15"]
[SourceQuality "1"]

1. b4 e6 2. Bb2 Nf6 3. b5 d5 4. e3 c5 5. Nf3 Nbd7 6. c4 Bd6 7. d4 0-0 8. Be2 Qc7 9. 0-0 b6 10. Nbd2 Bb7 11. Rc1 Ne4 12. h3 f5 13. Qb3 Rae8 14. a4 Kh8 15. Nxe4 fxe4 16. Nd2 Re7 17. Bg4 Nf6 18. Qd1 Nxg4 19. Qxg4 Bc8 20. Qe2 Ref7 21. f4 Qe7 22. Qe1 Bb7 23. Qg3 Rf5 24. Kh1 h6 25. Qh2 Kh7 26. g4 R5f7 27. Qg2 g5 28. cxd5 Bxd5 29. fxg5 Qxg5 30. Rxf7+ Rxf7 31. Rf1 Qe7 32. Kg1 Qf8 33. Rxf7+ Qxf7 34. g5 hxg5 35. Qxg5 Qg6 36. Qg2 cxd4 37. Bxd4 Qxg2+ 38. Kxg2 Bb4 39. Nf1 Bb3 40. Ng3 Bxa4 41. Nxe4 Kg6 42. Kg3 Bxb5 43. Kf4 Bc4 44. h4 Be7 45. Kg3 Bd5 46. Nc3 Bf6 47. Ne2 Bxd4 48. exd4 b5 49. Kg4 a5 50. Nc3 b4 51. Na4 b3 52. h5+ Kh6 53. Kf4 Bc6 54. Nb2 a4 55. Ke3 a3 56. Kd2 a2 0-1

[Event "Berlin Eckbauer op 4th"]
[Site "Berlin"]
[Date "2001.10.01"]
[Round "1"]
[White "Lohmar, Joerg"]
[Black "Schmidt, Michael3"]
[Result "1/2-1/2"]
[WhiteElo "1952"]
[BlackElo "1529"]
[PlyCount "33"]
[EventDate "2001.10.??"]
[EventType "swiss"]
[EventRounds "7"]
[EventCountry "GER"]
[SourceTitle "EXT 2005"]
[Source "ChessBase"]
[SourceDate "2004.11.15"]
[SourceVersion "1"]
[SourceVersionDate "2004.11.15"]
[SourceQuality "1"]

1. d4 Nf6 2. Nf3 d5 3. Bf4 e6 4. e3 c5 5. Nbd2 Nbd7 6. c3 Be7 7. Ne5 Nxe5 8. dxe5 Nd7 9. Bd3 c4 10. Bc2 Nc5 11. Nf3 Bd7 12. h4 Qc7 13. Qe2 Ba4 14. Bb1 Bb5 15. Bc2 Ba4 16. Bb1 Bb5 17. Bc2 1/2-1/2

[Event "Berlin op 10"]
[Site "Berlin"]
[Date "2000.11.27"]
[Round "7"]
[White "Haemmerlein, Thomas"]
[Black "Lohmar, Joerg"]
[Result "1-0"]
[WhiteElo "2140"]
[BlackElo "1972"]
[PlyCount "67"]
[EventDate "2000.10.16"]
[EventType "swiss"]
[EventRounds "7"]
[EventCountry "GER"]
[SourceTitle "EXT 2007"]
[Source "ChessBase"]
[SourceDate "2006.11.23"]
[SourceVersion "1"]
[SourceVersionDate "2006.11.23"]
[SourceQuality "1"]

1. d4 Nf6 2. Nf3 g6 3. Bg5 Bg7 4. Nbd2 d5 5. e3 0-0 6. Bd3 Bg4 7. h3 Bxf3 8. gxf3 c5 9. c3 cxd4 10. cxd4 Nc6 11. f4 Qd6 12. a3 Rfe8 13. Kf1 Nd7 14. Bh4 e6 15. Bg3 Qe7 16. Kg2 Rac8 17. b4 Nb6 18. Rc1 Bf6 19. Nf3 Bg7 20. Bh4 Bf6 21. Bxf6 Qxf6 22. Bb5 Red8 23. Bxc6 Rxc6 24. Rxc6 bxc6 25. Ne5 Rc8 26. Qd3 Qe7 27. Rc1 Qb7 28. b5 cxb5 29. Rxc8+ Nxc8 30. Qc3 Ne7 31. Qc5 a5 32. Qd6 Kg7 33. Nd7 h5 34. Qxe7 1-0

[Event "Berlin op 10"]
[Site "Berlin"]
[Date "2000.11.06"]
[Round "4"]
[White "Lohmar, Joerg"]
[Black "Obal, Hartmut"]
[Result "1-0"]
[WhiteElo "1972"]
[BlackElo "1635"]
[PlyCount "61"]
[EventDate "2000.10.16"]
[EventType "swiss"]
[EventRounds "7"]
[EventCountry "GER"]
[SourceTitle "EXT 2007"]
[Source "ChessBase"]
[SourceDate "2006.11.23"]
[SourceVersion "1"]
[SourceVersionDate "2006.11.23"]
[SourceQuality "1"]

1. d4 d5 2. Nf3 Bf5 3. Bf4 Nf6 4. e3 e6 5. c4 Bb4+ 6. Nbd2 Ne4 7. a3 Bxd2+ 8. Nxd2 0-0 9. Nxe4 Bxe4 10. f3 Bg6 11. Qb3 b6 12. cxd5 exd5 13. Rc1 c5 14. dxc5 Nc6 15. Ba6 Na5 16. Qb4 bxc5 17. Rxc5 Nc4 18. 0-0 Qb6 19. Bb7 Qxb4 20. axb4 Rad8 21. Rxd5 Rxd5 22. Bxd5 Nxb2 23. e4 Rc8 24. Rc1 Rxc1+ 25. Bxc1 Nd3 26. Bd2 Kf8 27. b5 f5 28. Be3 fxe4 29. fxe4 Be8 30. Bc4 Ne5 31. Bc5# 1-0

[Event "Berlin op 10"]
[Site "Berlin"]
[Date "2000.10.30"]
[Round "3"]
[White "Astoreka, Inaki"]
[Black "Lohmar, Joerg"]
[Result "1/2-1/2"]
[WhiteElo "1715"]
[BlackElo "1972"]
[PlyCount "86"]
[EventDate "2000.10.16"]
[EventType "swiss"]
[EventRounds "7"]
[EventCountry "GER"]
[SourceTitle "EXT 2007"]
[Source "ChessBase"]
[SourceDate "2006.11.23"]
[SourceVersion "1"]
[SourceVersionDate "2006.11.23"]
[SourceQuality "1"]

1. c4 c5 2. Nc3 Nc6 3. Nf3 g6 4. g3 Bg7 5. Bg2 e5 6. d3 Nge7 7. e4 0-0 8. 0-0 d6 9. Nd5 h6 10. Bd2 Rb8 11. Bc3 a6 12. a4 b5 13. axb5 axb5 14. cxb5 Rxb5 15. Nd2 Nxd5 16. exd5 Nb4 17. Nc4 Bf5 18. Bxb4 Rxb4 19. Ra6 Qb8 20. Rxd6 Rxc4 21. Rxg6 fxg6 22. dxc4 Qxb2 23. g4 Bc2 24. Qe2 Rb8 25. d6 Ba4 26. Bd5+ Kh7 27. Qe4 Qd4 28. h4 Qxe4 29. Bxe4 Rd8 30. Ra1 Be8 31. Ra6 Kh8 32. Ra5 Bf8 33. Rxc5 Bxd6 34. Ra5 Kg8 35. c5 Bc7 36. Ra6 Rd7 37. Bxg6 Bxg6 38. Rxg6+ Kh7 39. Re6 Rg7 40. f3 Rg6 41. Re7+ Rg7 42. Re6 Rg6 43. Re7+ Rg7 1/2-1/2

[Event "Kreuzberg 2000"]
[Site "Berlin"]
[Date "2000.07.29"]
[Round "8"]
[White "Keskowski, Thilo"]
[Black "Lohmar, Joerg"]
[Result "1-0"]
[WhiteElo "2172"]
[BlackElo "1947"]
[PlyCount "111"]
[EventDate "2000.07.??"]
[EventType "swiss"]
[EventRounds "9"]
[EventCountry "GER"]
[SourceTitle "EXT 2001"]
[Source "ChessBase"]
[SourceDate "2000.11.22"]
[SourceVersion "1"]
[SourceVersionDate "2000.11.22"]
[SourceQuality "1"]

1. e4 c5 2. Nc3 Nc6 3. g3 g6 4. Bg2 Bg7 5. d3 d6 6. f4 e6 7. Nf3 Nge7 8. 0-0 0-0 9. Be3 Rb8 10. Qd2 Qa5 11. d4 cxd4 12. Nxd4 Nxd4 13. Bxd4 Bxd4+ 14. Qxd4 Qc5 15. Qxc5 dxc5 16. e5 Bd7 17. Ne4 Rfd8 18. Nxc5 Bb5 19. Rf2 b6 20. Nb7 Rd7 21. Nd6 Bc6 22. Bxc6 Nxc6 23. Rd2 Rbd8 24. Rad1 Ne7 25. Kf2 Nf5 26. Ne4 Rxd2+ 27. Rxd2 Rxd2+ 28. Nxd2 h5 29. c3 Kf8 30. Nc4 Ke8 31. a4 Kd7 32. Ne3 Ne7 33. Kf3 Nc6 34. Ke4 Nd8 35. Kd4 Kc6 36. Kc4 a6 37. b4 b5+ 38. axb5+ axb5+ 39. Kd4 Kb6 40. h3 Kc6 41. g4 hxg4 42. hxg4 Kb6 43. Ke4 Kc7 44. f5 gxf5+ 45. gxf5 Kd7 46. Nc2 Kc7 47. Nd4 Kb6 48. fxe6 Nxe6 49. Nxe6 fxe6 50. Kd4 Kc6 51. c4 bxc4 52. Kxc4 Kb6 53. b5 Kb7 54. Kc5 Kc7 55. b6+ Kb8 56. Kc6 1-0

[Event "Kreuzberg 2000"]
[Site "Berlin"]
[Date "2000.07.23"]
[Round "2"]
[White "Lohmar, Joerg"]
[Black "Fruebing, Thomas"]
[Result "0-1"]
[WhiteElo "1947"]
[BlackElo "2168"]
[PlyCount "73"]
[EventDate "2000.07.??"]
[EventType "swiss"]
[EventRounds "9"]
[EventCountry "GER"]
[SourceTitle "EXT 2001"]
[Source "ChessBase"]
[SourceDate "2000.11.22"]
[SourceVersion "1"]
[SourceVersionDate "2000.11.22"]
[SourceQuality "1"]

1. Nf3 Nf6 2. d4 g6 3. g3 Bg7 4. Bg2 d5 5. c4 c6 6. cxd5 cxd5 7. 0-0 0-0 8. Ne5 Nc6 9. f4 Qb6 10. Nxc6 Qxc6 11. Nc3 Bg4 12. Qb3 Rfd8 13. e3 Qd7 14. Bd2 h5 15. Qb5 Qxb5 16. Nxb5 Be2 17. Nc7 Bxf1 18. Kxf1 Rac8 19. Nb5 a6 20. Nc3 e6 21. h3 Bf8 22. Ke2 Bb4 23. Kd3 Bxc3 24. Bxc3 Rc6 25. Kd2 Rdc8 26. Rc1 b5 27. b3 b4 28. Bb2 Rxc1 29. Bxc1 Ne4+ 30. Bxe4 dxe4 31. Bb2 Kf8 32. a4 Ke7 33. Ba1 f6 34. Bb2 g5 35. fxg5 fxg5 36. g4 hxg4 37. hxg4 0-1